000 00677nam a22002177a 4500
999 _c7818
_d7818
003 OSt
005 20220316115109.0
008 220316b ||||| |||| 00| 0 eng d
020 _a9780521516440
040 _cDDC
082 _a512 5HO 2009
100 _aShoup, Victor.
_915914
245 _aA computational introduction to number theory and algebra.
250 _aSecond edition
260 _aCambridge :
_b Cambridge University Press, [2009]
_c©2009
300 _axvii, 580 pages ;
_c 25 cm
504 _aIncludes bibliographical references and index
650 _aComputer science -- Mathematics
_915915
650 _aNumber theory.
_915916
942 _2ddc
_cO_SHELF